LIBRARY & INFORMATION CENTRE, KCAET, TAVANUR

ONLINE PUBLIC ACCESS CATALOGUE (OPAC)

Office and administrative management / (Record no. 1759)

MARC details
000 -LEADER
fixed length control field 00495cam a2200193ua 4500
041 ## - LANGUAGE CODE
Language code of text/sound track or separate title eng
082 ## - DEWEY DECIMAL CLASSIFICATION NUMBER
Classification number 658.1
Item number LIT/OF
100 ## - MAIN ENTRY--AUTHOR NAME
Personal name Littlefield, C.L .
245 ## - TITLE STATEMENT
Title Office and administrative management /
250 ## - EDITION STATEMENT
Edition statement 1 /
260 ## - PUBLICATION, DISTRIBUTION, ETC. (IMPRINT)
Place of publication New Delhi :
Name of publisher Prentice Hall Inc ,
Year of publication 1966.
300 ## - PHYSICAL DESCRIPTION
Number of Pages 574 :
Other physical details ` ; .
700 1# - ADDED ENTRY--PERSONAL NAME
Personal name Rachel, Frank .
942 ## - ADDED ENTRY ELEMENTS (KOHA)
Koha item type Books
Holdings
Withdrawn status Lost status Damaged status Home library Current library Date acquired Full call number Accession Number Koha item type
      KAUAET KAUAET 07/04/2012 658.1 LIT/OF 10815 Books
free website counter